Introduction to church history / (Record no. 1190)

MARC details
000 -LEADER
fixed length control field 00693cam a2200241 a 4500
001 - CONTROL NUMBER
control field 4250212
003 - CONTROL NUMBER IDENTIFIER
control field GBCCL
005 - DATE AND TIME OF LATEST TRANSACTION
control field 20241126110355.0
008 - FIXED-LENGTH DATA ELEMENTS--GENERAL INFORMATION
fixed length control field 980526s1996 ii b 001 0 eng d
020 ## - INTERNATIONAL STANDARD BOOK NUMBER
International Standard Book Number 8174750142
035 ## - SYSTEM CONTROL NUMBER
System control number (OCoLC)ocn686553584
035 ## - SYSTEM CONTROL NUMBER
System control number 4250212
040 ## - CATALOGING SOURCE
Original cataloging agency KAT
Transcribing agency KAT
Modifying agency CtY-D
050 #4 -
-- BR145.2
-- .H72 1996
082 ## - DEWEY DECIMAL CLASSIFICATION NUMBER
Classification number 270
Item number HRA
100 1# - MAIN ENTRY--PERSONAL NAME
Personal name Hrangkhuma, F.
9 (RLIN) 1641
245 10 - TITLE STATEMENT
Title Introduction to church history /
Statement of responsibility, etc. F. Hrangkhuma.
260 ## - PUBLICATION, DISTRIBUTION, ETC.
Place of publication, distribution, etc. Bangalore :
Name of publisher, distributor, etc. Theologicl Book Trust,
Date of publication, distribution, etc. 1996.
300 ## - PHYSICAL DESCRIPTION
Extent vii, 416 p. ;
Dimensions 22 cm.
504 ## - BIBLIOGRAPHY, ETC. NOTE
Bibliography, etc. note Includes bibliographical references (p. 387-389) and index.
650 #0 - SUBJECT ADDED ENTRY--TOPICAL TERM
Topical term or geographic name entry element Church history.
9 (RLIN) 117
942 ## - ADDED ENTRY ELEMENTS (KOHA)
Source of classification or shelving scheme Dewey Decimal Classification
Koha item type Books
Koha issues (borrowed), all copies 252
Holdings
Withdrawn status Lost status Source of classification or shelving scheme Damaged status Not for loan Home library Current Library Shelving location Date acquired Total checkouts Total renewals Full call number Barcode Date last seen Date last checked out Copy number Price effective from Koha item type
    Dewey Decimal Classification     GRACE BIBLE COLLEGE GRACE BIBLE COLLEGE Church History 2017-04-20 42 2 270 HRA 010527 2025-11-20 2025-11-13 c.5 2017-04-20 Books
    Dewey Decimal Classification     GRACE BIBLE COLLEGE GRACE BIBLE COLLEGE Church History 2017-04-20 11 2 270 HRA 005286 2025-11-12 2025-11-06 c.1 2017-04-20 Books
    Dewey Decimal Classification     GRACE BIBLE COLLEGE GRACE BIBLE COLLEGE Church History 2017-04-20 20 2 270 HRA 010528 2025-06-17 2025-06-13 c.6 2017-04-20 Books
    Dewey Decimal Classification     GRACE BIBLE COLLEGE GRACE BIBLE COLLEGE Church History 2017-04-20 17 2 270 HRA 008827 2025-11-17 2025-11-10 c.2 2017-04-20 Books
    Dewey Decimal Classification     GRACE BIBLE COLLEGE GRACE BIBLE COLLEGE Church History 2017-04-20 7 1 270 HRA 010525 2025-05-01 2022-12-02 c.3 2017-04-20 Books
    Dewey Decimal Classification     GRACE BIBLE COLLEGE GRACE BIBLE COLLEGE Church History 2021-09-22 22 1 270 HRA 015201 2026-02-23 2026-02-19 c.7 2021-09-22 Books
    Dewey Decimal Classification     GRACE BIBLE COLLEGE GRACE BIBLE COLLEGE Church History 2021-09-22 16 1 270 HRA 015202 2025-11-11 2025-11-06 c.8 2021-09-22 Books
    Dewey Decimal Classification     GRACE BIBLE COLLEGE GRACE BIBLE COLLEGE Church History 2021-09-22 20 2 270 HRA 015203 2026-03-10 2026-02-26 c.9 2021-09-22 Books
    Dewey Decimal Classification     GRACE BIBLE COLLEGE GRACE BIBLE COLLEGE Church History 2021-09-22 20 4 270 HRA 015204 2026-03-16 2026-03-09 c.10 2021-09-22 Books
    Dewey Decimal Classification     GRACE BIBLE COLLEGE GRACE BIBLE COLLEGE Church History 2021-09-22 17 1 270 HRA 015205 2026-03-06 2026-03-05 c.11 2021-09-22 Books
    Dewey Decimal Classification     GRACE BIBLE COLLEGE GRACE BIBLE COLLEGE Church History 2021-09-22 17 1 270 HRA 015206 2026-02-12 2026-02-09 c.12 2021-09-22 Books
    Dewey Decimal Classification     GRACE BIBLE COLLEGE GRACE BIBLE COLLEGE Church History 2021-09-22 20 1 270 HRA 015207 2026-03-06 2026-03-05 c.13 2021-09-22 Books
    Dewey Decimal Classification     GRACE BIBLE COLLEGE GRACE BIBLE COLLEGE Church History 2021-09-22 26 3 270 HRA 015208 2026-02-23 2026-02-13 c.14 2021-09-22 Books
    Dewey Decimal Classification     GRACE BIBLE COLLEGE GRACE BIBLE COLLEGE Church History 2021-09-22 23 3 270 HRA 015209 2026-02-23 2026-02-13 c.15 2021-09-22 Books
    Dewey Decimal Classification     GRACE BIBLE COLLEGE GRACE BIBLE COLLEGE Church History 2021-09-22 35 3 270 HRA 015210 2026-02-12 2026-02-02 c.16 2021-09-22 Books
    Dewey Decimal Classification     GRACE BIBLE COLLEGE GRACE BIBLE COLLEGE Church History 2023-01-16 6 1 270 HRA 020333 2025-11-24 2025-11-17 c.17 2023-01-16 Books
    Dewey Decimal Classification     GRACE BIBLE COLLEGE GRACE BIBLE COLLEGE Church History 2025-11-25     270 HRA 017185 2025-11-25   c.18 2025-11-25 Books
    Dewey Decimal Classification     GRACE BIBLE COLLEGE GRACE BIBLE COLLEGE Church History 2025-11-25     270 HRA 017186 2025-11-25   c.19 2025-11-25 Books
    Dewey Decimal Classification     GRACE BIBLE COLLEGE GRACE BIBLE COLLEGE Church History 2025-11-25     270 HRA 017187 2025-11-25   c.20 2025-11-25 Books
    Dewey Decimal Classification     GRACE BIBLE COLLEGE GRACE BIBLE COLLEGE Church History 2025-11-25     270 HRA 017188 2025-11-25   c.21 2025-11-25 Books
© Grace Bible College Library 2025